Responses for Show #3107 - Tuesday, February 17, 1998

J.J. Todor game 1.

Contestants

[<< previous game]

Holly Hughes, an editor from New York City, New York

J.J. Todor, a law student from Pataskala, Ohio

Corey Burke, a stage carpenter originally from Goshen, Connecticut (whose 3-day cash winnings total $24,400)

[next game >>]

Jeopardy! Round responses

THE CHINESE THEATRE
FEMALE FIRSTS
U.S. CAPITALS OF THE WORLD
TV CAST CHANGES
ALL ABOUT CORN
HOMONYMS
    $100 16
[C-3PO]

Star Wars

Corey
    $100 6
Janet Reno

Corey
    $100 4
Sacramento

J.J.
    $100 1
Fantasy Island

J.J.
    $100 2
corn starch

Corey
    $100 21
aisle/isle

Corey
    $200 17
Clint Eastwood

J.J.
    $200 10
(Corey: What is the Stealth Bomber?)
(J.J.: What is the B-1?)

B-52

CoreyJ.J.
Triple Stumper
    $200 11
crayfish/crawfish

Holly
    $200 3
(Holly: What is... oh, ER?)

Men Behaving Badly

J.J.Holly
    $300 18
Donald Duck

J.J.
    $300 12
the U.S. Senate

J.J.
    $300 13
Maine

Corey
    $300 5
Ringo Starr

Holly
    $400 19
Ginger Rogers

Corey
    $400 14
turtles

Triple Stumper
    $400 7
the Lone Ranger

J.J.
    $500 20
[Chinese Theatre prints of hands, feet, and eyeglasses in cement with message "Always To Sid"]
(Corey: Who is Red Skelton?)
...
(Alex: We have less than a minute to go and you and Holly are tied for second place at -$200!)

Harold Lloyd

Corey
    $500 9
(J.J.: What is Universal?)

Columbia TriStar

J.J.
Triple Stumper
    $500 15
(Corey: What is Flagstaff?)
(Holly: What is Phoenix?)
(J.J.: What is Tempe?)

Tucson

CoreyJ.J.Holly
Triple Stumper
    $500 8
That Girl

Triple Stumper
    $500 22
[The end-of-round signal sounds.]
(Alex: We left a lot of clues up there because we were making mistakes, me included!)

wrote/rote

Holly

Scores at the first commercial break (after clue 12):

Corey J.J. Holly
$0 $400 $300

Scores at the end of the Jeopardy! Round:

Corey J.J. Holly
-$100 $400 $300

Double Jeopardy! Round responses

THE CHINESE THEATER
NOTABLE NAMES
AFRICAN HISTORY
AT RANDOM
FROM CLASSICAL TUNES
LATIN CLASS
    $200 11
Gong

J.J.
    $200 14
Malcolm X

Corey
    $200 1
(J: What is Ethiopia?)

Egypt

J.J.
Triple Stumper
    $200 6
(J.J.: What is Gallup?)

a straw poll

CoreyJ.J.
    $200 19
"Hail, Hail, The Gang's All Here"

Triple Stumper
    $200 12
Amat

Corey
    $400 15
Saint

J.J.
    $400 2
Drought

Holly
    $400 7
Dion

Corey
    $400 20
Night On Bald Mountain

J.J.
    $400 13
"I saw"

J.J.
    $1,000 16
(J: Who is Godard?)

Jean Renoir

J.J.
    $600 3
(H: What is coca?)

Kola nut

CoreyHolly
    $600 8
Draft

J.J.
    $1,000 21
(J.J.: What is "Camp Granada"?)

"Hello Muddah, Hello Fadduh (A Letter From Camp)"

J.J.
    $600 25
(J: What is cognito?)

Sum

CoreyJ.J.
    $800 28
[The end-of-round signal sounds.]

The Caucasian Chalk Circle

Triple Stumper
    $800 17
Dag Hammarskjold

Holly
    $800 4
Tutsi

J.J.
    $800 9
Monte Carlo

Corey
    $800 22
"I Don't Know How To Love Him"

Holly
    $800 24
Male

J.J.
    $1000 27
Peking opera

Holly
    $1000 18
H.L. Mencken

J.J.
    $1000 5
Pan-Africanism

J.J.
    $1000 10
Brownian motion

Corey
    $1000 26
Kismet

Triple Stumper
    $1000 23
(less than a minute...)

Maximus

Holly

Scores at the end of the Double Jeopardy! Round:

Corey J.J. Holly
$3,900 $3,000 $3,700

[wagering suggestions for these scores]

Final Jeopardy! Round responses

NATIVE AMERICANS
(Alex: ...a statue built near Little Bighorn...)
J.J.Who is Seattle?
$911
HollyWho is Sitting Bull?
$3,600
CoreyWho is Geronimo?
$3,890
Crazy Horse

Final scores:

Corey J.J. Holly
$10 $2,089 $100
3rd place: Sears Gift Certificates New champion: $2,089 2nd place: Sears Gift Certificates

Game dynamics:

Coryat scores:

Corey J.J. Holly
$4,400 $5,000 $3,700
14 R,
3 W
(including 1 DD)
16 R,
8 W
(including 2 DDs)
8 R,
3 W

Combined Coryat: $13,100

[game clues] [game scores] [suggest correction]

Game tape date: Unknown
The J! Archive is created by fans, for fans. Scraping, republication, monetization, and malicious use prohibited; this site may use cookies and collect identifying information. See terms. The Jeopardy! game show and all elements thereof, including but not limited to copyright and trademark thereto, are the property of Jeopardy Productions, Inc. and are protected under law. This website is not affiliated with, sponsored by, or operated by Jeopardy Productions, Inc. Join the discussion at JBoard.tv.